000 00576nam a2200205 i 4500
001 189360
003 SpMaBN
005 20260525062939.0
008 190524s1962 sp |||| |
080 _a821.134.2-14"13"
100 1 _aRuiz, Juan
_cArcipreste de Hita.
_9100615
245 1 0 _aLibro del buen amor /
_cArcipreste de Hita.
250 _a9ª ed.
260 _aMadrid :
_bEspasa-Calpe,
_c1962.
300 _a170 p. ;
_c18 cm.
490 1 _aColección austral ;
_v98
830 0 _aColección austral
_v98
_9177655
852 _aES-MaACL
_jL-32359
999 _c189360
_d189360